Personnages de Pirates des Caraïbes par temps d'écran - Statistiques

Statistiques générales
  • Ce quiz a été pris 90 fois
  • Le résultat moyen est 10 sur 20
Statistiques - réponses
Minutes Personnage % Correct
225 Jack Sparrow
100%
101 William Turner
95%
99 Elizabeth Swann
91%
83 Hector Barbossa
86%
27 Davy Jones
80%
63 Joshame Gibbs
72%
22 Edward Teach (Barbe-Noire)
62%
18 Tia Dalma (Calypso)
58%
15 Bill "le Bottier" Turner
57%
27 James Norrington
57%
18 Cutler Beckett
55%
31 Angelica Teach
41%
34 Henry Turner
32%
37 Ragetti
32%
29 Carina Smyth
28%
20 Cotton
28%
39 Pintel
28%
24 Marty
20%
23 Scrum
14%
19 Philip Swift
8%
Aucun quiz correspondant
Distribution des résultats
% des personnes avec chaque résultat
Percentile par nombre de réponses
Votre historique - résultats
Vous n’avez pas pris ce quiz